[Event "MGL-ch"]
[Site "Ulaanbaatar"]
[Date "2002.04.07"]
[Round "9"]
[White "Lkhagvasuren, Tsedendemberel"]
[Black "Adyatomor, Choijiljav"]
[Result "1-0"]
[WhiteElo "2342"]
[BlackElo "2060"]
[PlyCount "46"]
[EventDate "2002.04.01"]
[EventType "tourn"]
[EventRounds "15"]
[EventCountry "MGL"]
[SourceTitle "EXT 2003"]
[Source "ChessBase"]
[SourceDate "2002.11.25"]
[SourceVersion "1"]
[SourceVersionDate "2002.11.25"]
[SourceQuality "1"]

1. e4 c5 2. Nf3 d6 3. d4 cxd4 4. Nxd4 Nf6 5. Nc3 e6 6. Be2 a6 7. f4 Qc7 8. 0-0 Nc6 9. Be3 Bd7 10. Qe1 Na5 11. Rd1 Nc4 12. Rc1 Rc8 13. Kh1 Be7 14. Bxc4 Qxc4 15. e5 Nd5 16. Nxd5 Qxd5 17. Nf5 Qc4 18. Nxe7 Kxe7 19. exd6+ Kf8 20. f5 f6 21. b3 Qg4 22. h3 Qh5 23. fxe6 Re8 1-0